| 000 | 01296cam a2200361 i 4500 | ||
|---|---|---|---|
| 003 | DO-SdBNP | ||
| 005 | 20240406073831.0 | ||
| 007 | ta | ||
| 008 | 751003s2014 sp 001 f spa d | ||
| 020 | _a9788408124047 | ||
| 040 |
_aDO-SdBNP _bspa _cBNPHU _erda |
||
| 082 | 4 |
_bC548 _222 _a330.342 |
|
| 100 | 1 |
_aChomsky, Noam _d1928- _95111 |
|
| 240 | 1 | 0 |
_aProfit over people. Neoliberalism and global orden / _lespañol |
| 245 | 1 | 3 |
_aEl beneficio es lo que cuenta : _bneoliberalismo y orden social / _cNoam Chomsky ; traducción Antonio Desmonts |
| 264 | 1 |
_aBarcelona, España : _bAustral, _c2014. |
|
| 264 | 1 |
_bCrítica, _bPlaneta, _c2016, 3a. impresión |
|
| 300 |
_a194 páginas _c19 cm. |
||
| 336 |
_2rdacontent _atexto _btxt |
||
| 337 |
_2rdamedia _asin mediación _bn |
||
| 338 |
_2rdacarrier _avolumen _bnc |
||
| 490 | 1 |
_aContemporánea. Humanidades _v828 |
|
| 500 | _aIncluye notas a pie de páginas. | ||
| 500 | _aIncluye datos biográficos del autor en la página 5 | ||
| 500 | _aIncluye índice. | ||
| 590 | _aInventariado, 2023/ YL | ||
| 650 | 4 |
_aLiberalismo económico _yS.XX _984451 |
|
| 650 | 4 |
_aGlobalización _xAspectos económicos _919040 |
|
| 650 | 0 |
_aDemocracia _9286 |
|
| 700 | 1 |
_aDesmonts, Antonio _etraducción _984436 |
|
| 910 | _aYlockward | ||
| 942 |
_2ddc _cLBS1 |
||
| 999 |
_c55148 _d55148 |
||